000 00419nam a2200181Ia 4500
008 210210b1940 xxu||||| |||| 00| 0 eng d
041 _aeng
082 _a425/76
100 _aCOWLING (G H)
245 _aOutline of English verse
260 _aLondon
_bMacmillan & Co. Ltd.
_c1940
650 _averse
650 _aOutline
650 _aof
650 _aEnglish
690 _aEnglish Language
906 _a005852
999 _c128869
_d128869